000 00727nam a22002417a 4500
003 UA-OsUOA
001 21938
007 ta
008 20031215b un ||||| |||| 00| 0 ukr d
090 _a01:947(477)
_bІ90
942 _cBK
040 _aUA-OsUOA
_bukr
_cUA-OsUOA
_dUA-OsUOA
245 _aІсторія України. Бібліографічний покажчик 1993
_cред. Я. Ісаєвич
300 _a312 с.
955 _a1
041 _aukr
080 _a01:947(477)
020 _a5-7702-1031-1
260 _aК.
_bІнститут українознавства
_c1997
044 _aUA
650 7 _a01 Бібліографія і бібліографії. Каталоги
_2UDC
999 _c308148
_d308148